The Use of agro-industrial by products in the nutrition of ruminant livestock (Record no. 31125)
[ view plain ]
| 000 -LEADER | |
|---|---|
| fixed length control field | 00733 a2200229 4500 |
| 041 ## - CODE DE LANGUE | |
| Language code of summary or abstract/overprinted title or subtitle | En |
| 041 ## - CODE DE LANGUE | |
| Language code of summary or abstract/overprinted title or subtitle | Fr |
| 100 ## - VEDETTE PRINCIPALE - NOM DE PERSONNE | |
| Personal name | Koné, Sibiri |
| 130 ## - VEDETTE PRINCIPALE - TITRE UNIFORME | |
| Language of a work | En |
| 240 ## - UNIFORM TITLE | |
| Uniform title | <a href="L'Utilisation des sous-produits agro-industriels dans l'alimentation des ruminants domestiques">L'Utilisation des sous-produits agro-industriels dans l'alimentation des ruminants domestiques</a> |
| 245 ## - TITLE STATEMENT | |
| Title | The Use of agro-industrial by products in the nutrition of ruminant livestock |
| 300 ## - PHYSICAL DESCRIPTION | |
| Extent | XII-113 p. |
| 502 ## - DISSERTATION NOTE | |
| Dissertation note | Thèse d'exercice |
| 653 1# - INDEX TERM--UNCONTROLLED | |
| Uncontrolled term | Sciences agronomiques |
| 650 ## - SUBJECT ADDED ENTRY--TOPICAL TERM | |
| Topical term or geographic name as entry element | ANIMAL DOMESTIQUE |
| 650 ## - SUBJECT ADDED ENTRY--TOPICAL TERM | |
| Topical term or geographic name as entry element | ALIMENT POUR ANIMAUX DE COMPAGNE |
| 650 ## - SUBJECT ADDED ENTRY--TOPICAL TERM | |
| Topical term or geographic name as entry element | NUTRITION |
| 653 #1 - INDEX TERM--UNCONTROLLED | |
| Uncontrolled term | Production animale |
| 651 ## - SUBJECT ADDED ENTRY--GEOGRAPHIC NAME | |
| Geographic name | BENIN |
| 710 ## - ADDED ENTRY--CORPORATE NAME | |
| Corporate name or jurisdiction name as entry element | Abomey-Calavi, Université nationale du Bénin, Faculté des Sciences Agronomiques, BJ |
| Withdrawn status | Lost status | Damaged status | Not for loan | Location (home branch) | Sublocation or collection (holding branch) | Date acquired | Koha issues (times borrowed) | Koha full call number | Koha date last seen | Copy number | Price effective from | Koha item type | Public note |
|---|---|---|---|---|---|---|---|---|---|---|---|---|---|
| Bibliothèque-Centre de Documentation de la Faculté des Sciences Agronomiques | Bibliothèque-Centre de Documentation de la Faculté des Sciences Agronomiques | BU T.PA 002 1983 | 28/02/2009 | 04 | 28/02/2009 | Livre | A.4838 |